书目信息 |
| 题名: |
市政基础设施工程资料表格填写范例
|
|
| 作者: | 白志忠 , 徐宝双 , 满君 主编 ;北京土木建筑学会 主编 | |
| 分册: | ||
| 出版信息: | 北京 经济科学出版社 2011 |
|
| 页数: | 11,622页 | |
| 开本: | 26cm | |
| 丛书名: | 市政基础设施工程资料管理系列丛书 | |
| 单 册: | ||
| 中图分类: | TU990.05 | |
| 科图分类: | ||
| 主题词: | 市政工程--工程施工--资料--表格--说明 , 市政工程 | |
| 电子资源: | ||
| ISBN: | 978-7-5058-9494-5 | |
| 000 | 01169oam2 2200301 450 | |
| 001 | 138981 | |
| 005 | 20140903090415.73 | |
| 010 | @a978-7-5058-9494-5@dCNY 96.00 | |
| 100 | @a20120410d2011 em y0chiy50 ea | |
| 101 | 0 | @achi |
| 102 | @aCN@b110000 | |
| 105 | @ak z 000yy | |
| 200 | 1 | @a市政基础设施工程资料表格填写范例@Ashi zheng ji chu she shi gong cheng zi liao biao ge tian xie fan li@b专著@f白志忠,徐宝双,满君主编@g北京土木建筑学会主编 |
| 205 | @a2版 | |
| 210 | @a北京@c经济科学出版社@d2011 | |
| 215 | @a11,622页@d26cm | |
| 225 | 2 | @a市政基础设施工程资料管理系列丛书 |
| 330 | @a本书共分8章,介绍了市政基础设施工程资料管理、基建文件填写范例、监理资料填写范例、城镇道路工程施工资料填写范例、城镇桥梁工程施工资料填写范例、管(隧)道工程施工资料填写范例等内容。 | |
| 410 | 0 | @1001003047697 |
| 606 | 0 | @a市政工程@x工程施工@x资料@x表格@x说明 |
| 606 | 0 | @a市政工程 |
| 690 | @aTU990.05@v5 | |
| 701 | 0 | @a白志忠@Abai zhi zhong@4主编 |
| 701 | 0 | @a徐宝双@Axu bao shuang@4主编 |
| 701 | 0 | @a满君@Aman jun@c(女,@f1985 )@4主编 |
| 712 | 02 | @a北京土木建筑学会@Abei jing tu mu jian zhu xue hui@4主编 |
| 801 | 0 | @c20140903 |
| 905 | @a241430@dTU990.05@eB150 | |
| 市政基础设施工程资料表格填写范例/白志忠,徐宝双,满君主编/北京土木建筑学会主编.-2版.-北京:经济科学出版社,2011 |
| 11,622页;26cm.-(市政基础设施工程资料管理系列丛书) |
| ISBN 978-7-5058-9494-5:CNY 96.00 |
| 本书共分8章,介绍了市政基础设施工程资料管理、基建文件填写范例、监理资料填写范例、城镇道路工程施工资料填写范例、城镇桥梁工程施工资料填写范例、管(隧)道工程施工资料填写范例等内容。 |
| ● |
| 相关链接 |
|
|
|
正题名:市政基础设施工程资料表格填写范例
索取号:TU990.05/B150
 
预约/预借
| 序号 | 登录号 | 条形码 | 馆藏地/架位号 | 状态 | 备注 |
| 1 | 0828272 | 208282721 | 建筑库201/201建筑库 125排1列3层/ [索取号:TU990.05/B150] | 在馆 | |
| 2 | 0828273 | 208282730 | 市政与环境工程学院资料室/ [索取号:TU990.05/B150] | 在馆 | |
| 3 | 0828274 | 208282749 | 市政与环境工程学院资料室/ [索取号:TU990.05/B150] | 在馆 |